000 00419nam a2200181Ia 4500
001 3303
005 20260306145633.0
008 260306t2016||||xx |||||||||||||| ||spa||
041 _aESP
082 _a269
_bCH546 2016
100 _aChesterton, G. K.
_eAUT
245 0 _aSanto Tomás de Aquino
260 _c2016
300 _a270 páginas :
_c20 cm.
650 _aGEN
654 _aCHU
942 _cLIB
_dJUS
_fJUS
_2ddc
_n
999 _c3303
_d3303